000
00339nam a22001457a 4500
008
230403b ||||| |||| 00| 0 eng d
020
_a
1560533250
041
_a
eng
080
_2
VOLUME 15
_a
61
082
_a
61HAN
100
_a
2
101
_a
MJEKSI
245
_a
THE WORKPLACE AND CARDIOVASCULAR DISEASE
_c
HANLEY.B
942
_2
udc
_c
BK
999
_c
59487
_d
59487